Central Library OPAC University of Rajshahi

Essentials of english literature / (Record no. 35656)

MARC details
000 -LEADER
fixed length control field 00653nam a2200229 4500
001 - CONTROL NUMBER
control field 35656
003 - CONTROL NUMBER IDENTIFIER
rucl marc code BD-RjUL
005 - DATE AND TIME OF LATEST TRANSACTION
control field 20211209052346.0
008 - FIXED-LENGTH DATA ELEMENTS--GENERAL INFORMATION
fixed length control field 140528s2013 bg |||| |||| 001 0 eng d
035 ## - SYSTEM CONTROL NUMBER
System control number (BD-RjUL)35751
040 ## - CATALOGING SOURCE
Original cataloging agency BD-RjUL
Language of cataloging eng
Transcribing agency BD-RjUL
041 ## - LANGUAGE CODE
Language code of text/sound track or separate title eng
082 04 - DEWEY DECIMAL CLASSIFICATION NUMBER
Classification number 820.38261
Author mark and year CHE 2013
100 1# - MAIN ENTRY--PERSONAL NAME
Personal name Chowdhury, Panna Lal.
9 (RLIN) 108565
245 ## - TITLE STATEMENT
Title Essentials of english literature /
Statement of responsibility, etc. Panna Lal Chowdhury.
Number of part/section of a work Volume 1 :
Name of part/section of a work Religion
250 ## - EDITION STATEMENT
Edition statement 2nd ed.
260 ## - PUBLICATION, DISTRIBUTION, ETC. (IMPRINT)
Place of publication, distribution, etc. Dhaka :
Name of publisher, distributor, etc. Jatiya Sahitya,
Date of publication, distribution, etc. c2013.
300 ## - PHYSICAL DESCRIPTION
Pagination 269 p. ;
Size 22 cm.
504 ## - BIBLIOGRAPHY, ETC. NOTE
Bibliography, etc Includes index.
650 #0 - SUBJECT ADDED ENTRY--TOPICAL TERM
Topical term or geographic name as entry element Literature
General subdivision Christianity.
9 (RLIN) 108566
942 ## - ADDED ENTRY ELEMENTS (KOHA)
Source of classification or shelving scheme Dewey Decimal Classification
Koha item type Books
Holdings
Lost status Source of classification or shelving scheme Damaged status Not for loan Collection code Permanent Location Current Location Shelving location Date acquired Source of acquisition Cost, normal purchase price Total Checkouts Full call number Date last seen Copy number Koha item type
  Dewey Decimal Classification   Not For Loan Non-fiction Central Library, University of Rajshahi Central Library, University of Rajshahi Reading Room 29/04/2014 Jatiya Sahitya 320.00   820.38261 CHE 2013 28/05/2014 C-1 Books
  Dewey Decimal Classification     Non-fiction Central Library, University of Rajshahi Central Library, University of Rajshahi   29/04/2014 Jatiya Sahitya 320.00   820.38261 CHE 2013 28/05/2014 C-2 Books
  Dewey Decimal Classification     Non-fiction Central Library, University of Rajshahi Central Library, University of Rajshahi   29/04/2014 Jatiya Sahitya 320.00   820.38261 CHE 2013 28/05/2014 C-3 Books